[Event "FIDE World Blitz 2013"]
[Site "Khanty-Mansiysk RUS"]
[Date "2013.06.09"]
[Round "2.11"]
[White "Sargissian, Gabriel"]
[Black "Ponkratov, Pavel"]
[Result "1-0"]
[WhiteTitle "GM"]
[BlackTitle "GM"]
[WhiteElo "2671"]
[BlackElo "2605"]
[WhiteFideId "13300881"]
[BlackFideId "4157800"]
[EventDate "2013.06.09"]

1. d4 d5 2. c4 c6 3. cxd5 cxd5 4. Bf4 Nc6 5. Nc3 Nf6 6. e3 e6 7. Bd3 Bd6 8. Bxd6
Qxd6 9. f4 Bd7 10. Nf3 Rc8 11. O-O Na5 12. Ne5 Nc4 13. Qe2 Nb6 14. g4 Ng8 15. f5
exf5 16. Nxd7 Nxd7 17. Bxf5 Ne7 18. Qb5 Rc7 19. Qa4 a6 20. e4 b5 21. Qb3 dxe4
22. Bxd7+ Rxd7 23. Qxf7+ Kd8 24. Kh1 e3 25. Qf3 Qc6 26. d5 Nxd5 27. Rad1 Ne7 28.
Ne4 h5 29. Qxe3 hxg4 30. Rc1 Qh6 31. Qg3 Nc6 32. Kg1 Re8 33. Nc5 Rd2 34. Nb7+
Kc8 35. Na5 Re6 36. Rf8+ Kd7 37. Rf7+ Ke8 38. Rcf1 Qe3+ 39. Qxe3 Rxe3 40. Nxc6
Ree2 41. R7f2 Rxb2 42. Rxe2+ Rxe2 43. Rf2 Re4 44. Kg2 Ra4 45. Ne5 Re4 46. Ng6
Kd7 47. Kg3 Kd6 48. Nf4 g5 49. Nh5 Kc5 50. Nf6 Ra4 51. Nxg4 Ra3+ 52. Kg2 b4 53.
Ne5 a5 54. Nf7 g4 55. Ne5 a4 56. Nxg4 b3 57. axb3 axb3 58. Ne3 Ra2 59. Nd1 Kd4
60. h4 Kd3 61. h5 Rxf2+ 62. Kxf2 Kd2 63. Nb2 Kc3 64. Nd1+ Kd2 65. Ne3 Kd3 66.
Nd1 Kd2 67. Nb2 Kc3 68. h6 Kxb2 69. h7 Kc2 70. h8=Q b2 71. Qc8+ Kd1 72. Qd7+ 1-0

[Event "FIDE World Blitz 2013"]
[Site "Khanty-Mansiysk RUS"]
[Date "2013.06.09"]
[Round "2.14"]
[White "Ghaem Maghami, Ehsan"]
[Black "Movsesian, Sergei"]
[Result "0-1"]
[WhiteTitle "GM"]
[BlackTitle "GM"]
[WhiteElo "2554"]
[BlackElo "2699"]
[WhiteFideId "12500739"]
[BlackFideId "310204"]
[EventDate "2013.06.09"]

1. e4 c5 2. Nf3 e6 3. c3 Nf6 4. e5 Nd5 5. d4 cxd4 6. cxd4 d6 7. Bc4 Nc6 8. O-O
Be7 9. Qe2 O-O 10. Rd1 Bd7 11. h3 Rc8 12. Bxd5 exd5 13. Nc3 Be6 14. Bf4 h6 15.
exd6 Bxd6 16. Bxd6 Qxd6 17. Ne5 Rfe8 18. Nxc6 Qxc6 19. Qd2 Qd7 20. Re1 Rc4 21.
Re3 Rec8 22. Rae1 b5 23. a3 a5 24. Ne2 Qa7 25. Rc3 Rxc3 26. Nxc3 b4 27. Na4 bxa3
28. bxa3 Rc4 29. Nc5 Qb6 30. Qe3 a4 31. Qe5 Kh7 32. Kh2 Qb2 33. Nxe6 fxe6 34.
Qxe6 Qxf2 35. Qxd5 Qf4+ 36. Kh1 Rxd4 37. Qc5 Rd2 38. Qe3 Qxe3 39. Rxe3 Ra2 40.
Rf3 h5 41. h4 Kh6 42. Kh2 Kg6 43. Kg3 Rb2 44. Kh2 Rb3 45. Kg3 Rxf3+ 46. Kxf3 Kf5
47. g4+ hxg4+ 48. Kg3 g6 0-1

[Event "FIDE World Blitz 2013"]
[Site "Khanty-Mansiysk RUS"]
[Date "2013.06.09"]
[Round "2.16"]
[White "Salem, A.R. Saleh"]
[Black "Khismatullin, Denis"]
[Result "0-1"]
[WhiteTitle "GM"]
[BlackTitle "GM"]
[WhiteElo "2531"]
[BlackElo "2658"]
[WhiteFideId "9301348"]
[BlackFideId "4142578"]
[EventDate "2013.06.09"]

1. d4 Nf6 2. c4 e6 3. Nf3 b6 4. g3 Bb7 5. Bg2 Be7 6. O-O O-O 7. d5 exd5 8. Nh4
c6 9. cxd5 Nxd5 10. Nf5 Na6 11. e4 Ndc7 12. Re1 Ne6 13. Nc3 Re8 14. Qg4 Kh8 15.
e5 Nac5 16. Ne4 Nxe4 17. Bxe4 d5 18. exd6 Bf6 19. Rd1 Qd7 20. Be3 g6 21. Nh6
Bxb2 22. Rab1 Bg7 23. Bg2 f5 24. Qf3 Rf8 25. Bc1 Nd4 26. Qd3 c5 27. Bb2 Bxg2 28.
Kxg2 Bxh6 29. Re1 Qxd6 30. f4 Qd5+ 31. Kh3 Bg7 32. Re7 Rf7 33. Rbe1 Raf8 34. a4
h6 35. R1e3 Kh7 36. Re1 Rxe7 37. Rxe7 Rf7 38. Re8 Qb3 39. Qd2 Qf3 40. Re1 Qg4+
41. Kg2 Nf3 42. h3 Nxd2 0-1

[Event "FIDE World Blitz 2013"]
[Site "Khanty-Mansiysk RUS"]
[Date "2013.06.09"]
[Round "2.18"]
[White "Pasiev, Rakhim"]
[Black "Moiseenko, Alexander"]
[Result "0-1"]
[WhiteTitle "IM"]
[BlackTitle "GM"]
[WhiteElo "2384"]
[BlackElo "2711"]
[WhiteFideId "24122475"]
[BlackFideId "14102560"]
[EventDate "2013.06.09"]

1. e4 c5 2. Nf3 Nc6 3. d4 cxd4 4. Nxd4 e5 5. Nb5 d6 6. c4 Be7 7. N1c3 a6 8. Na3
Be6 9. Nc2 Rc8 10. b3 Nf6 11. Bd3 O-O 12. O-O b5 13. Nd5 bxc4 14. bxc4 Nd7 15.
Ba3 Nc5 16. Bxc5 dxc5 17. Rb1 Rb8 18. Nce3 Qa5 19. Qe2 Bg5 20. Qh5 Bxe3 21. fxe3
Qxa2 22. Qg5 h6 23. Qg3 Rxb1 24. Rxb1 Qd2 25. Bf1 a5 26. Rb6 Nb4 27. Qxe5 a4 28.
Ne7+ Kh7 29. Nf5 Bxf5 30. exf5 Nc2 31. f6 Qxe3+ 32. Qxe3 Nxe3 33. fxg7 Ra8 34.
Bd3+ Kxg7 35. Rb2 a3 36. Ra2 Nd1 37. Be4 Nc3 38. Bxa8 Nxa2 0-1

[Event "FIDE World Blitz 2013"]
[Site "Khanty-Mansiysk RUS"]
[Date "2013.06.09"]
[Round "2.19"]
[White "Cheparinov, Ivan"]
[Black "Potapov, Pavel"]
[Result "1-0"]
[WhiteTitle "GM"]
[BlackTitle "IM"]
[WhiteElo "2678"]
[BlackElo "2460"]
[WhiteFideId "2905540"]
[BlackFideId "4169786"]
[EventDate "2013.06.09"]

1. d4 d5 2. c4 e5 3. e3 exd4 4. exd4 Nf6 5. Nc3 Be7 6. Nf3 O-O 7. Be2 dxc4 8.
Bxc4 Nbd7 9. h3 Nb6 10. Bb3 c6 11. O-O Nbd5 12. Re1 Re8 13. a3 Bf5 14. Ne5 Bg6
15. Ba2 Bd6 16. Bg5 Qb6 17. Qd2 a5 18. Rad1 Bh5 19. g4 Bg6 20. h4 Nxc3 21. bxc3
Bxe5 22. dxe5 Nxg4 23. e6 fxe6 24. Rxe6 Kh8 25. Qf4 Rf8 26. Qd4 Qxd4 27. Rxd4
Nxf2 28. Re7 h6 29. Be3 Nd3 30. Bb1 Ne5 31. Bxg6 Nxg6 32. Rxb7 Rae8 33. Rg4 Rf6
34. Bd4 Re1+ 35. Kh2 Re2+ 36. Kg3 Rfe6 37. Bxg7+ Kg8 38. Bxh6 Kh8 39. h5 Ne5 40.
Bg7+ Kg8 41. Bxe5+ Kf8 42. Bg7+ Ke8 43. h6 R6e3+ 44. Kh4 Rh2+ 45. Kg5 Reh3 46.
Kg6 Kd8 47. Rf4 Rg2+ 48. Kh7 Kc8 49. Ra7 1-0

[Event "FIDE World Blitz 2013"]
[Site "Khanty-Mansiysk RUS"]
[Date "2013.06.09"]
[Round "2.20"]
[White "Lagno, Kateryna"]
[Black "Nguyen, Ngoc Truong Son"]
[Result "1/2-1/2"]
[WhiteTitle "GM"]
[BlackTitle "GM"]
[WhiteElo "2542"]
[BlackElo "2625"]
[WhiteFideId "14109336"]
[BlackFideId "12401110"]
[EventDate "2013.06.09"]

1. Nf3 Nf6 2. g3 d5 3. Bg2 c6 4. O-O Bg4 5. d3 Nbd7 6. Qe1 e6 7. e4 Bxf3 8. Bxf3
Bd6 9. Nd2 O-O 10. Bg2 a5 11. Nf3 Qc7 12. a4 Rfe8 13. b3 Bb4 14. Qe2 Bc3 15. Rb1
b5 16. Bf4 e5 17. Bg5 h6 18. Bxf6 Nxf6 19. Nh4 bxa4 20. bxa4 Rab8 21. Nf5 Bb4
22. Ne3 Qd7 23. Rb3 Bc5 24. Rfb1 Rxb3 25. Rxb3 g6 26. exd5 cxd5 27. Rb5 Bxe3 28.
Qxe3 Kg7 29. Rxa5 Rb8 30. h3 Rb1+ 31. Kh2 d4 32. Qxe5 Rb6 33. Rd5 Qxa4 34. Rxd4
Qxc2 35. Rf4 Qxd3 36. Rf3 Qd6 37. Qxd6 Rxd6 38. Re3 Rd2 39. Kg1 Nd7 40. Re7 Kf6
41. Re3 Ne5 42. Be4 h5 43. h4 Ng4 44. Rf3+ Ke5 45. Bc6 f5 46. Be8 Kf6 47. Rf4
Ne5 48. Bb5 Rb2 49. Bf1 Rb1 50. Kg2 Ng4 51. Be2 Ne5 52. Ra4 Rb2 53. Ra6+ Kg7 54.
Kf1 Rb4 55. Re6 Nf7 56. Bf3 Rb5 57. Bc6 Rb6 58. Bd5 Rb5 59. Bc6 Rc5 60. Be8 Rc7
61. Bxf7 Kxf7 62. Ra6 Rc4 63. Kg2 f4 64. Kf3 fxg3 65. fxg3 Kg7 1/2-1/2

[Event "FIDE World Blitz 2013"]
[Site "Khanty-Mansiysk RUS"]
[Date "2013.06.09"]
[Round "2.22"]
[White "Cherniaev, Alexander"]
[Black "Tkachiev, Vladislav"]
[Result "0-1"]
[WhiteTitle "GM"]
[BlackTitle "GM"]
[WhiteElo "2447"]
[BlackElo "2649"]
[WhiteFideId "4117301"]
[BlackFideId "618438"]
[EventDate "2013.06.09"]

1. e4 d6 2. f4 g6 3. Nf3 Nf6 4. Nc3 Bg7 5. h3 c5 6. g4 Nc6 7. d3 e5 8. Bg2 exf4
9. Bxf4 d5 10. e5 Nd7 11. Nxd5 Ndxe5 12. Nxe5 Nxe5 13. O-O O-O 14. Qd2 Be6 15.
c4 Bxd5 16. Bxd5 Qd7 17. Rae1 Nc6 18. Bh6 Nb4 19. Bxg7 Kxg7 20. Be4 Qd4+ 21. Rf2
Rad8 22. Qf4 Nxd3 23. Bxd3 Qxd3 24. Re7 Rd7 25. Qxf7+ Rxf7 26. Rfxf7+ Kh6 27.
Rxh7+ Kg5 28. Rxd7 Qb1+ 29. Kg2 Qxb2+ 30. Kf3 Qc3+ 31. Ke4 Qxc4+ 32. Ke5 Qe2+
33. Kd5 c4 34. Rxb7 c3 35. Rbc7 c2 36. Rc5 c1=Q 37. Kd4+ 0-1

[Event "FIDE World Blitz 2013"]
[Site "Khanty-Mansiysk RUS"]
[Date "2013.06.09"]
[Round "2.24"]
[White "Akbaev, Kazbek"]
[Black "Potkin, Vladimir"]
[Result "0-1"]
[WhiteTitle "IM"]
[BlackTitle "GM"]
[WhiteElo "2475"]
[BlackElo "2647"]
[WhiteFideId "4131045"]
[BlackFideId "4131061"]
[EventDate "2013.06.09"]

1. Nf3 d5 2. e4 e6 3. exd5 exd5 4. d4 Nf6 5. Bd3 Be7 6. O-O O-O 7. Ne5 c5 8. c3
Nc6 9. Be3 cxd4 10. cxd4 Be6 11. Nc3 Rc8 12. f4 Qb6 13. Nxc6 Rxc6 14. Rb1 Bb4
15. Na4 Qd8 16. a3 Bd6 17. Nc3 Re8 18. Qf3 Bg4 19. Qg3 Bxa3 20. Bb5 Bb4 21. Bxc6
bxc6 22. h3 Bf5 23. Qf2 Bxb1 24. Rxb1 h6 25. f5 Qe7 26. Bf4 Ne4 27. Nxe4 Qxe4
28. Rc1 Qxf5 29. Qg3 Re6 30. Be5 Rg6 31. Qb3 a5 32. Rf1 Qe4 33. Qf3 Qxf3 34.
Rxf3 Re6 35. Rg3 f6 36. Bf4 Kf7 37. Kh2 Re4 38. Bc7 Rxd4 39. Rf3 Re4 40. Rf1 Re7
41. Bb6 Rb7 42. Bd4 c5 43. Be3 d4 44. Bf4 c4 45. g4 c3 46. bxc3 Bxc3 47. h4 a4
48. g5 hxg5 49. hxg5 a3 50. gxf6 gxf6 51. Kg3 a2 52. Kg4 a1=Q 53. Rxa1 Bxa1 0-1

[Event "FIDE World Blitz 2013"]
[Site "Khanty-Mansiysk RUS"]
[Date "2013.06.09"]
[Round "2.26"]
[White "Kabanov, Nikolai"]
[Black "Popov, Ivan RUS"]
[Result "0-1"]
[WhiteTitle "GM"]
[BlackTitle "GM"]
[WhiteElo "2472"]
[BlackElo "2632"]
[WhiteFideId "4127820"]
[BlackFideId "4170350"]
[EventDate "2013.06.09"]

1. e4 c6 2. Nc3 d5 3. Qe2 e6 4. f4 dxe4 5. Nxe4 Nd7 6. Nf3 Ngf6 7. d3 Nxe4 8.
dxe4 Bc5 9. Bd2 O-O 10. O-O-O e5 11. f5 b5 12. g4 a5 13. g5 Ba6 14. Qg2 a4 15.
f6 b4 16. fxg7 Re8 17. Nh4 b3 18. cxb3 axb3 19. axb3 Qb6 20. Qf3 Reb8 21. Nf5
Qxb3 22. Bc3 Bd4 23. Nh6+ Kxg7 24. Rxd4 exd4 25. Bxd4+ Kf8 26. Qf5 Bxf1 27. Bc5+
Ke8 0-1

[Event "FIDE World Blitz 2013"]
[Site "Khanty-Mansiysk RUS"]
[Date "2013.06.09"]
[Round "2.28"]
[White "Ram, S. Krishnan"]
[Black "Rublevsky, Sergei"]
[Result "0-1"]
[BlackTitle "GM"]
[WhiteElo "2248"]
[BlackElo "2695"]
[WhiteFideId "5010519"]
[BlackFideId "4115309"]
[EventDate "2013.06.09"]

1. d4 d5 2. c4 c6 3. Nf3 Nf6 4. Nc3 dxc4 5. a4 Bf5 6. Ne5 Nbd7 7. Nxc4 Qc7 8. g3
e5 9. dxe5 Nxe5 10. Bf4 Nfd7 11. Bg2 f6 12. O-O Nc5 13. e4 Bg6 14. Qe2 Bf7 15.
Nxe5 fxe5 16. Be3 Nb3 17. Rad1 Bb4 18. Qg4 O-O 19. Rd7 h5 20. Rxc7 hxg4 21. Rxb7
a5 22. Bb6 Rab8 23. Rxb8 Rxb8 24. Bc7 Re8 25. Rd1 Nd4 26. Bxe5 Nf3+ 27. Bxf3
gxf3 28. Bc7 Bb3 29. Rd8 Rxd8 30. Bxd8 Kf7 31. Bb6 Ke6 32. Kf1 c5 33. Nd5 Bxd5
34. exd5+ Kxd5 35. h4 Ke4 36. h5 c4 37. Bc7 Bd2 38. Bd6 Kf5 39. Bc5 Ke4 40. Bf8
Bh6 41. Ke1 Kd3 42. Kd1 Be3 43. fxe3 f2 0-1

[Event "FIDE World Blitz 2013"]
[Site "Khanty-Mansiysk RUS"]
[Date "2013.06.09"]
[Round "2.29"]
[White "Najer, Evgeniy"]
[Black "Byambaa, Zulzaga"]
[Result "1-0"]
[WhiteTitle "GM"]
[BlackTitle "FM"]
[WhiteElo "2633"]
[BlackElo "2285"]
[WhiteFideId "4118987"]
[BlackFideId "4900642"]
[EventDate "2013.06.09"]

1. e4 c6 2. d4 g6 3. Nc3 Bg7 4. h3 d6 5. Be3 b5 6. g4 Nd7 7. Bg2 Nb6 8. b3 e5 9.
dxe5 Bxe5 10. Nce2 Ne7 11. Nf3 Bg7 12. Bd4 O-O 13. O-O c5 14. Bxg7 Kxg7 15. Qd3
b4 16. a3 a5 17. axb4 Ba6 18. b5 Bb7 19. c4 Nec8 20. Ng3 h6 21. Qc3+ Qf6 22.
Qxf6+ Kxf6 23. Nd2 Ke7 24. Rfe1 Kd8 25. e5 Bxg2 26. Kxg2 a4 27. Nge4 a3 28. exd6
Re8 29. Nxc5 Rxe1 30. Nb7+ Kd7 31. Rxe1 Nxd6 32. Nc5+ Kd8 33. Ra1 a2 34. Na6 Nd7
35. Rxa2 Nc5 36. b4 Nce4 37. Nxe4 Nxe4 38. b6 Kc8 39. b5 Kb7 40. f3 1-0

[Event "FIDE World Blitz 2013"]
[Site "Khanty-Mansiysk RUS"]
[Date "2013.06.09"]
[Round "3.5"]
[White "Khairullin, Ildar"]
[Black "Moiseenko, Alexander"]
[Result "1/2-1/2"]
[WhiteTitle "GM"]
[BlackTitle "GM"]
[WhiteElo "2658"]
[BlackElo "2711"]
[WhiteFideId "4151348"]
[BlackFideId "14102560"]
[EventDate "2013.06.09"]

1. e4 c5 2. Nf3 Nc6 3. Bb5 e6 4. Bxc6 bxc6 5. b3 f6 6. O-O Nh6 7. d4 Nf7 8. Ba3
cxd4 9. Bxf8 Kxf8 10. Qxd4 d6 11. Nc3 g6 12. Rfd1 Kg7 13. Na4 e5 14. Qe3 Bg4 15.
Rd2 d5 16. h3 Bxf3 17. Qxf3 Ng5 18. Qe3 Nxe4 19. Nc5 Nxc5 20. Qxc5 Qd7 21. c4 d4
22. f4 Rhe8 23. Re1 exf4 24. Rxe8 Rxe8 25. Rxd4 Qc7 26. Qd6 Qxd6 27. Rxd6 Re2
28. Rd7+ Kh6 29. Rxa7 Kg5 30. Rxh7 Rxa2 31. Rc7 Kh4 32. Rxc6 Kg3 33. Kf1 Rf2+
34. Ke1 Rxg2 35. Rxf6 Rb2 36. Rxg6+ Kxh3 37. c5 Rxb3 1/2-1/2

[Event "FIDE World Blitz 2013"]
[Site "Khanty-Mansiysk RUS"]
[Date "2013.06.09"]
[Round "3.6"]
[White "Zvjaginsev, Vadim"]
[Black "Rublevsky, Sergei"]
[Result "1/2-1/2"]
[WhiteTitle "GM"]
[BlackTitle "GM"]
[WhiteElo "2659"]
[BlackElo "2695"]
[WhiteFideId "4113403"]
[BlackFideId "4115309"]
[EventDate "2013.06.09"]

1. e4 c5 2. Nf3 e6 3. g3 d5 4. exd5 exd5 5. d4 Nf6 6. Bg2 Be7 7. O-O O-O 8. dxc5
Bxc5 9. Nc3 Nc6 10. a3 h6 11. b4 Be7 12. Bb2 Bg4 13. h3 Bh5 14. Ne2 Bg6 15. Nf4
Be4 16. Re1 Re8 17. Rc1 Rc8 18. c4 dxc4 19. Qxd8 Rcxd8 20. Rxc4 Bh7 21. Rcc1 g5
22. Rxc6 bxc6 23. Rxe7 Rxe7 24. Bxf6 Rd1+ 25. Kh2 Re8 26. Nh5 Re2 27. Bd4 Rxd4
28. Nf6+ Kg7 29. Nxd4 Rxf2 30. Nxh7 Kxh7 31. Nxc6 Ra2 32. Nxa7 Rxa3 33. Nc6 Rb3
34. g4 Rb2 35. Kg3 Rb3+ 36. Bf3 h5 37. gxh5 f5 38. Kf2 Rb2+ 39. Be2 g4 40. hxg4
fxg4 41. Kf1 Rb1+ 42. Kf2 Rb2 43. Ke1 g3 44. Bd3+ Kh6 45. Kf1 Kxh5 46. b5 1/2-1/2

[Event "FIDE World Blitz 2013"]
[Site "Khanty-Mansiysk RUS"]
[Date "2013.06.09"]
[Round "3.8"]
[White "Kobalia, Mikhail"]
[Black "Vitiugov, Nikita"]
[Result "1-0"]
[WhiteTitle "GM"]
[BlackTitle "GM"]
[WhiteElo "2651"]
[BlackElo "2734"]
[WhiteFideId "4119150"]
[BlackFideId "4152956"]
[EventDate "2013.06.09"]

1. e4 Nf6 2. e5 Nd5 3. d4 d6 4. Nf3 dxe5 5. Nxe5 c6 6. Be2 g6 7. c4 Nc7 8. Nc3
Bg7 9. O-O O-O 10. Be3 Nd7 11. Nf3 Nf6 12. h3 Bf5 13. Qb3 Rb8 14. Bf4 Be6 15.
Qa3 Ra8 16. Rad1 h6 17. Rfe1 g5 18. Bh2 g4 19. hxg4 Nxg4 20. Bg3 Re8 21. d5 cxd5
22. cxd5 Nxd5 23. Bb5 Rf8 24. Nxd5 Bxd5 25. Rxe7 Nf6 26. Re5 Qb6 27. Rexd5 Nxd5
28. Rxd5 Rad8 29. Bd6 Bxb2 30. Qd3 Rfe8 31. Bxe8 Rxe8 32. Be5 Bxe5 33. Nxe5 Qf6
34. Qg3+ Kh8 35. Rd6 1-0

[Event "FIDE World Blitz 2013"]
[Site "Khanty-Mansiysk RUS"]
[Date "2013.06.09"]
[Round "3.9"]
[White "Sargissian, Gabriel"]
[Black "Popov, Ivan RUS"]
[Result "1-0"]
[WhiteTitle "GM"]
[BlackTitle "GM"]
[WhiteElo "2671"]
[BlackElo "2632"]
[WhiteFideId "13300881"]
[BlackFideId "4170350"]
[EventDate "2013.06.09"]

1. d4 d5 2. c4 c6 3. cxd5 cxd5 4. Bf4 Nc6 5. Nc3 e5 6. dxe5 d4 7. Ne4 Qb6 8.
Nd6+ Bxd6 9. exd6 Qxb2 10. Qc1 Qb4+ 11. Qd2 Nf6 12. Nf3 Nd5 13. Bg3 Bf5 14. e3
dxe3 15. fxe3 Nxe3 16. Qxb4 Nc2+ 17. Kd2 N2xb4 18. Re1+ Kd7 19. Bb5 Rae8 20. a3
Nc2 21. Ne5+ Kc8 22. Nxc6 Nxe1 23. Ne7+ Kd8 24. Bxe8 Rxe8 25. Rxe1 Be6 26. Rc1 1-0

[Event "FIDE World Blitz 2013"]
[Site "Khanty-Mansiysk RUS"]
[Date "2013.06.09"]
[Round "3.11"]
[White "Safarli, Eltaj"]
[Black "Nguyen, Ngoc Truong Son"]
[Result "0-1"]
[WhiteTitle "GM"]
[BlackTitle "GM"]
[WhiteElo "2660"]
[BlackElo "2625"]
[WhiteFideId "13402129"]
[BlackFideId "12401110"]
[EventDate "2013.06.09"]

1. e4 e6 2. d4 d5 3. exd5 exd5 4. c4 Nf6 5. Nc3 Be7 6. Bd3 Nc6 7. cxd5 Nxd5 8.
Nge2 Be6 9. O-O O-O 10. a3 Re8 11. Bc2 Bf8 12. Qd3 g6 13. Ng3 Bg7 14. Nce2 Nce7
15. Bg5 h6 16. Bd2 Nf5 17. Rad1 c6 18. Qf3 Nh4 19. Qd3 Nf5 20. Rfe1 Nxg3 21.
Nxg3 Qb6 22. Bc1 Rad8 23. Ne4 Bf5 24. Qd2 Bxe4 25. Rxe4 Rxe4 26. Bxe4 Nc7 27.
Qc2 Rxd4 28. Be3 Rxd1+ 29. Qxd1 Qxb2 30. Qd8+ Kh7 31. g3 Qa1+ 32. Kg2 Qe5 33.
Bf3 Nd5 34. Bxa7 Qe7 35. Qa5 Qd6 36. Qa4 b5 37. Qc2 Nc3 38. Qb3 Kg8 39. h4 h5
40. Be3 Nd5 41. Bg5 Bf6 42. Bc1 Kg7 43. Qc2 Bd4 44. Qd2 c5 45. Qh6+ Kg8 46. Qg5
Nf6 47. Bf4 Qe6 48. Bd2 Ne4 49. Qd8+ Kg7 50. Be1 Nxf2 51. Bxf2 Qa2 52. Bd5 Qxf2+
53. Kh3 Be5 0-1

[Event "FIDE World Blitz 2013"]
[Site "Khanty-Mansiysk RUS"]
[Date "2013.06.09"]
[Round "3.12"]
[White "Gundavaa, Bayarsaikhan"]
[Black "Georgiev, Kiril"]
[Result "0-1"]
[WhiteTitle "GM"]
[BlackTitle "GM"]
[WhiteElo "2516"]
[BlackElo "2636"]
[WhiteFideId "4901045"]
[BlackFideId "2900017"]
[EventDate "2013.06.09"]

1. d4 Nc6 2. c4 e5 3. e3 exd4 4. exd4 d5 5. Nc3 Nf6 6. Nf3 Be7 7. h3 O-O 8. Be2
Be6 9. cxd5 Nxd5 10. O-O Re8 11. a3 a6 12. Bd3 Bf6 13. Bc2 Nxc3 14. bxc3 Bc4 15.
Re1 Rxe1+ 16. Nxe1 Qd7 17. Nd3 Re8 18. Bf4 b6 19. Qf3 Bxd4 20. Rd1 Bd5 21. Qg3
Bxc3 22. Bxc7 Nd4 23. Nf4 Qxc7 24. Bxh7+ Kxh7 25. Qh4+ Kg8 26. Nxd5 Qc4 27. Qg5
Ne6 28. Qh5 Bd4 29. Kh1 Qc5 30. Qf5 Rd8 0-1

[Event "FIDE World Blitz 2013"]
[Site "Khanty-Mansiysk RUS"]
[Date "2013.06.09"]
[Round "3.13"]
[White "Nepomniachtchi, Ian"]
[Black "Grachev, Boris"]
[Result "1/2-1/2"]
[WhiteTitle "GM"]
[BlackTitle "GM"]
[WhiteElo "2717"]
[BlackElo "2683"]
[WhiteFideId "4168119"]
[BlackFideId "4129199"]
[EventDate "2013.06.09"]

1. e4 c5 2. Nf3 e6 3. Qe2 Nc6 4. g3 Nf6 5. Bg2 d6 6. c3 Be7 7. d4 d5 8. exd5
exd5 9. dxc5 O-O 10. Be3 Ne4 11. O-O Bxc5 12. Bxc5 Nxc5 13. Rd1 Qb6 14. Na3 Be6
15. Qb5 h6 16. Qxb6 axb6 17. Nc2 Na4 18. Rab1 Bf5 19. Rd2 d4 20. Rc1 dxc3 21.
bxc3 Be4 22. Ne3 Rfd8 23. h4 Rxd2 24. Nxd2 Bxg2 25. Kxg2 Nc5 26. Rc2 Nd3 27. Kf1
b5 28. Ke2 Nc5 29. Nb3 Nxb3 30. axb3 b4 31. Nd5 bxc3 32. Rxc3 Ra3 33. Kd3 Ra2
34. Ke3 Ra5 35. Nb6 Re5+ 36. Kd2 Rb5 37. Nc4 Nd4 38. Nd6 Nxb3+ 39. Ke3 Re5+ 40.
Kf4 Re6 41. Rc8+ Kh7 42. Nxb7 1/2-1/2

[Event "FIDE World Blitz 2013"]
[Site "Khanty-Mansiysk RUS"]
[Date "2013.06.09"]
[Round "3.15"]
[White "Inarkiev, Ernesto"]
[Black "Vasquez Schroeder, Rodrigo"]
[Result "1-0"]
[WhiteTitle "GM"]
[BlackTitle "GM"]
[WhiteElo "2680"]
[BlackElo "2542"]
[WhiteFideId "4162722"]
[BlackFideId "3400042"]
[EventDate "2013.06.09"]

1. Nf3 Nf6 2. g3 d5 3. Bg2 c6 4. c4 e6 5. O-O Nbd7 6. b3 b6 7. Bb2 Bb7 8. d3 Be7
9. Nbd2 Qc7 10. e4 dxe4 11. dxe4 e5 12. Nh4 g6 13. f4 O-O 14. Qe2 Rad8 15. Ndf3
Bd6 16. Rad1 Bc5+ 17. Kh1 exf4 18. gxf4 Nh5 19. Ne5 Nxe5 20. Bxe5 Qe7 21. Nf5
gxf5 22. Qxh5 Rxd1 23. Rxd1 f6 24. Bc3 fxe4 25. Qg4+ Qg7 26. Qe6+ Qf7 27. Qxe4
Re8 28. Qf5 Bc8 29. Qxf6 Qxf6 30. Bxf6 Bg4 31. Rd8 Rxd8 32. Bxd8 Bd7 33. Be4 Kg7
34. Kg2 h5 35. f5 Bd4 36. Kg3 c5 37. Kh4 Be8 38. Bc7 Kf6 39. Kg3 Bc3 40. Kf4
Bd2+ 41. Kf3 Bc3 42. Bg3 Kg5 43. h4+ Kf6 44. Bf4 Bd7 45. Bg5+ Ke5 46. Bf4+ Kf6
47. Bg5+ Ke5 48. f6 Bg4+ 49. Ke3 Be6 50. Bg6 Bd4+ 51. Kd3 Kd6 52. f7 Bg7 53. Ke4
Bg4 54. Bf6 Bf8 55. Bf5 Bd1 56. Kf4 Bh6+ 57. Bg5 Bg7 58. Bh3 Be5+ 59. Ke3 Bg7
60. Bg2 Bc2 61. Be4 Bd1 62. Bd5 Bg4 63. Bf4+ Ke7 64. Bb8 Bh6+ 65. Ke4 Bh3 66.
Bxa7 Bg2+ 67. Kf5 Bh3+ 68. Kg6 Bf8 69. Bxb6 Kd7 70. Ba5 Bg4 71. Bc3 Be2 72. Bg7
Bd3+ 73. Kh6 Ke7 74. Bxf8+ Kxf8 75. a4 1-0

[Event "FIDE World Blitz 2013"]
[Site "Khanty-Mansiysk RUS"]
[Date "2013.06.09"]
[Round "3.19"]
[White "Rakhmanov, Aleksandr"]
[Black "Andreikin, Dmitry"]
[Result "1/2-1/2"]
[WhiteTitle "GM"]
[BlackTitle "GM"]
[WhiteElo "2602"]
[BlackElo "2713"]
[WhiteFideId "4173708"]
[BlackFideId "4158814"]
[EventDate "2013.06.09"]

1. d4 Nf6 2. Nf3 b6 3. e3 Bb7 4. Bd3 g6 5. O-O Bg7 6. Nc3 d5 7. Ne5 O-O 8. b3 c5
9. Bb2 Nc6 10. Nxc6 Bxc6 11. Ne2 Rc8 12. dxc5 bxc5 13. c4 Qc7 14. cxd5 Ng4 15.
Ng3 Bxb2 16. Rb1 Bxd5 17. Qxg4 Bg7 18. Bc4 h5 19. Qe2 Bb7 20. Rfd1 h4 21. Nf1 h3
22. Bd5 hxg2 23. Bxg2 Bxg2 24. Kxg2 Qc6+ 25. Qf3 Qa6 26. Rd2 c4 27. bxc4 Rxc4
28. Ng3 Ra4 29. Qb7 Rxa2 30. Qxa6 Rxa6 31. Rb7 Bf6 32. Ne4 Re6 33. Nxf6+ exf6
34. Rxa7 f5 35. Rad7 Ree8 36. R7d6 Kg7 37. Rd7 Rh8 38. Ra7 Re6 39. Rdd7 Rf6 40.
Rd4 g5 41. h3 Rh7 42. Rd5 Kg6 43. Rad7 Re6 44. R7d6 Rxd6 45. Rxd6+ f6 1/2-1/2

[Event "FIDE World Blitz 2013"]
[Site "Khanty-Mansiysk RUS"]
[Date "2013.06.09"]
[Round "3.21"]
[White "Lagno, Kateryna"]
[Black "Mamedov, Rauf"]
[Result "0-1"]
[WhiteTitle "GM"]
[BlackTitle "GM"]
[WhiteElo "2542"]
[BlackElo "2637"]
[WhiteFideId "14109336"]
[BlackFideId "13401653"]
[EventDate "2013.06.09"]

1. Nf3 d6 2. e4 c5 3. d4 Nf6 4. Nc3 cxd4 5. Nxd4 g6 6. Be2 Bg7 7. O-O O-O 8. Re1
Nc6 9. Nb3 a6 10. Bf1 b5 11. Nd5 Nd7 12. c3 e6 13. Ne3 Nf6 14. Ng4 Nxg4 15. Qxg4
Ne5 16. Qg3 Bb7 17. Bg5 Qc7 18. Rad1 h6 19. Bc1 Rae8 20. h4 h5 21. Nd4 Ng4 22.
Nf3 Rd8 23. Bf4 e5 24. Bg5 Rde8 25. Nh2 Nf6 26. Bd3 Nd7 27. Bb1 Nc5 28. Nf1 Ne6
29. Bc1 Nc5 30. Bg5 a5 31. f3 Ne6 32. Bd2 d5 33. Ne3 dxe4 34. Bxe4 Nf4 35. Nc2
Bxe4 36. fxe4 Rd8 37. Bxf4 exf4 38. Qf3 b4 39. Nd4 bxc3 40. bxc3 Rfe8 41. Kh1
Be5 42. Rd3 Rc8 43. Ne2 Qe7 44. Qf2 Qf6 45. Red1 Rc4 46. Nd4 Rec8 47. Nf3 Rxe4
48. Nxe5 Qxe5 49. Rd8+ Rxd8 50. Rxd8+ Kg7 51. Rd3 Re1+ 52. Kh2 f3+ 0-1